000 00667nam a2200277Ia 4500
005 20260324145613.0
008 008 260324s9999 xx 000 0 eng d
020 _a9780429308512
037 _aEBOOK
040 _aCRL
040 _beng
040 _cCRL
041 _2eng
041 _aeng
084 _qCRL
100 _aHarry G. Gelber
_91223548
245 0 _aTechnology, Defense, And External Relations In China, 1975-1978
260 _bTaylor and Francis
260 _c1980
365 _a
365 _b220
856 _uhttp://www.taylorfrancis.com/books/9780429308512
942 _cEBOOK
999 _c1831682
_d1831682